000 00498nam a2200181Ia 4500
003 GCL
008 140319s9999 xx 000 0 ara d
040 _aGCL /
_cGCL
082 0 4 _a595.7
_bج ت
100 1 _aجورج نصرالله
245 1 0 _aتركيب وتصنيف الحشرات /
_cجورج نصرالله
260 _a[S.N] :
_bالمكتبة الاكاديمية ،
_c1995
300 _a546 ص
490 _a
650 0 4 _aالحشرات
650 0 4 _aتشريح
942 _2ddc
_cBK
999 _c36881
_d36881